|
|
|
|
| LEADER |
00962nam a22002657a 4500 |
| 001 |
41008 |
| 003 |
BD-DhAAL |
| 008 |
230806t2006 nyu||||| |||| 001 0 eng d |
| 020 |
|
|
|a 082136541X
|
| 020 |
|
|
|a 9780821365410
|
| 040 |
|
|
|a BD-DhAAL
|c BD-DhAAL
|
| 082 |
|
|
|a 338.9
|
| 245 |
|
|
|a World Development Report 2007 :
|b development and the next generation /
|c World Bank.
|
| 260 |
|
|
|a Washington ;
|b World Bank,
|c C2006.
|
| 300 |
|
|
|a xvii, 317 pages :
|b illustrations ;
|c 27 cm.
|
| 500 |
|
|
|a Includes index.
|
| 541 |
|
|
|a Donated By Akbar Ali Khan
|e 41008
|
| 650 |
|
|
|a Economic development.
|
| 650 |
|
|
|a International economic relations.
|
| 650 |
|
|
|a Economics.
|
| 710 |
|
|
|a World Bank
|
| 852 |
|
|
|a Ayesha Abed Library
|c Akbar Ali Khan Collection
|
| 942 |
|
|
|2 ddc
|c BK
|
| 999 |
|
|
|c 46056
|d 46056
|
| 952 |
|
|
|0 0
|1 0
|2 ddc
|4 0
|6 338_900000000000000_WOR
|7 1
|9 74181
|a BRACUL
|b BRACUL
|c AAKC
|d 2023-08-06
|e Donated By Akbar Ali Khan
|l 0
|o 338.9 WOR
|p 3010041008
|r 2023-08-06
|t 1
|w 2023-08-06
|y BK
|